000 00346 a2200169 4500
001 180057
020 _a85-322-5962-6
040 _cMagnum
100 _aCapelli, Alba
240 1 0 _aO corvo e a raposa
_lpor
245 1 0 _aO corvo e a raposa
300 _a16
362 0 _a2006
440 1 _aFTD
697 _aMAGNITO: I/GERAL
942 _cBK
999 _c180057
_d180057